000 00388nam a2200145Ia 4500
008 230917s9999||||xx |||||||||||||| ||und||
040 _e110643
_aMAIN
041 _aEnglish
082 _a362.60954 A47A
100 _aLiebig,Phoebe S, ed
245 3 _aAn Aging India : perspectives,prospects & policies
260 _aJaipur
_bRawat Publications
_c2005
300 _a248 p.
942 _cBK
999 _c140839
_d140839